000 00961nam a22002777a 4500
001 0004510
003 DO-SdBNP
005 20230515135310.0
007 0004510
008 160622b1986 ag |||| 00| 0 spa d
020 _a9501323005
040 _aBPMSU
_bspa
_cBPMSU
082 4 _a867.3
_bQ5b 1986
_222
100 1 _aQuevedo, Francisco de,
_d1580-1645.
245 1 3 _aLa vida del Buscón /
_cFrancisco de Quevedo y Villegas ; estudio preliminar y notas de Raquel Minian de Alfie.
260 _aSantafe de Bogota :
_bPanamericana,
_c1998.
300 _a230 p. :
_bil. ;
_c17 cm.
490 0 _aGrandes obras de la literatura universal,
_v165
500 _aIncluye referencias bibliográficas y notas al pie de las páginas
590 _aInventariado, 2023/VM
650 4 _a Lliteratura picaresca epañola
650 4 _aSatira espñala
700 1 _aMinian de Alfie, Raquel
910 _aLOPEREZ/ VMateo V. Control de calidad (BPMSU)
942 _2ddc
_cBK
999 _c10488
_d10488